000 00598nam a22002297a 4500
999 _c382254
_d382254
001 96014
003 UA-OsUOA
005 20200727135937.0
007 ta
008 20130313b un ||||| |||| 00| 0 ukr d
040 _aUA-OsUOA
_brus
_cUA-OsUOA
_dUA-OsUOA
041 _arus
080 _a94 (47+57)
090 _a94 (47+57)
_bК78
100 _aКрайнюков К. В.
245 _aОружие особого рода
260 _aМ.
_bМысль
_c1984
300 _a591 с.
650 7 _a9 Географія. Біографії. Історія
_2UDC
942 _cBK
_2udc
955 _a5